Prof. G Ram Reddy Library

How lis professionals can use alerting services (Record no. 78706)

MARC details
000 -LEADER
fixed length control field 00547nam a2200193Ia 4500
003 - CONTROL NUMBER IDENTIFIER
control field LDD
008 - FIXED-LENGTH DATA ELEMENTS--GENERAL INFORMATION
fixed length control field 181029s9999 xx 000 0 und d
020 ## - INTERNATIONAL STANDARD BOOK NUMBER
International Standard Book Number 184334128X
Terms of availability P 39.95
040 ## - CATALOGING SOURCE
Transcribing agency LDD
100 ## - MAIN ENTRY--PERSONAL NAME
Personal name Fourie, Ina
245 #0 - TITLE STATEMENT
Title How lis professionals can use alerting services
Statement of responsibility, etc. Ina Fourie
260 ## - PUBLICATION, DISTRIBUTION, ETC.
Place of publication, distribution, etc. England
Name of publisher, distributor, etc. Chandos
Date of publication, distribution, etc. 2006
300 ## - PHYSICAL DESCRIPTION
Extent xvi, 178p.
365 ## - TRADE PRICE
Price amount P 39.95
901 ## - LOCAL DATA ELEMENT A, LDA (RLIN)
a 3878
b 14-03-2007
902 ## - LOCAL DATA ELEMENT B, LDB (RLIN)
a 1373
b 16-03-2007
c F
d BB
e SOSS
903 ## - LOCAL DATA ELEMENT C, LDC (RLIN)
a Discount-10
b Reqst by : Uma kanjilal
942 ## - ADDED ENTRY ELEMENTS (KOHA)
Source of classification or shelving scheme Dewey Decimal Classification
Koha item type Books
Holdings
Withdrawn status Lost status Source of classification or shelving scheme Damaged status Not for loan Home library Current library Total Checkouts Full call number Barcode Date last seen Cost, replacement price Price effective from Koha item type
No   Dewey Decimal Classification     Library and Documentation Division Library and Documentation Division   025.525 F826H 062036 11/01/2018 3432.10 11/01/2018 Books

© Prof. G Ram Reddy Centre Library, Indira Gandhi National Open University, Maidan Garhi, New Delhi, 110068
+91-011-29532797 | FAX+91-011-29533393 |